00244pam a2200109 a 4500020000500000041000800005082001500013100001500028245004200043260003900085300001000124 c aeng a541.3bKIR aKireev, V. aPhysical ChemistryhTextual Documents aMoscow:bM I R Publishers ,c1977. a572p.